Statistics for Panic! At The Disco Charting Songs (Billboard Hot Rock)

Click here to take the quiz!

General Stats

  • This quiz has been taken 5 times
  • The average score is 22 of 28

Answer Stats

AlbumWeeks OnPeakArtist(s)Song% Correct
Pray for the Wicked106 Weeks#1Panic! At The DiscoHigh Hopes
100%
Pray for the Wicked80 Weeks#1Panic! At The DiscoHey Look Ma, I Made It
100%
Death of a Bachelor26 Weeks#3Panic! At The DiscoHallelujah
100%
Pray for the Wicked27 Weeks#5Panic! At The DiscoSay Amen (Saturday Night)
100%
Death of a Bachelor26 Weeks#5Panic! At The DiscoEmperor's New Clothes
100%
Death of a Bachelor29 Weeks#7Panic! At The DiscoVictorious
100%
Death of a Bachelor22 Weeks#11Panic! At The DiscoDeath of a Bachelor
100%
Pray for the Wicked6 Weeks#16Panic! At The DiscoDancing's Not a Crime
100%
Death of a Bachelor5 Weeks#28Panic! At The DiscoCrazy=Genius
80%
Pray for the Wicked2 Weeks#23Panic! At The DiscoThe Overpass
80%
Pray for the Wicked4 Weeks#22Panic! At The DiscoOld Fashioned
80%
Pray for the Wicked5 Weeks#19Panic! At The DiscoOne of the Drunks
80%
Pray for the Wicked8 Weeks#17Panic! At The DiscoDying in LA
80%
Vices & Virtues13 Weeks#39Panic! At The DiscoThe Ballad of Mona Lisa
80%
Too Weird to Live, Too Rare to Die!12 Weeks#12Panic! At The DiscoThis is Gospel
80%
Pray for the Wicked17 Weeks#11Panic! At The DiscoKing of the Clouds
80%
Too Weird to Live, Too Rare to Die!26 Weeks#11Panic! At The Disco ft. LoloMiss Jackson
80%
The Greatest Showman: Reimagined19 Weeks#10Panic! At The DiscoThe Greatest Show
80%
Suicide Squad: The Album21 Weeks#7Panic! At The DiscoBohemian Rhapsody
80%
Death of a Bachelor19 Weeks#15Panic! At The DiscoLA Devotee
60%
Pray for the Wicked15 Weeks#10Panic! At The Disco(Fuck a) Silver Lining
60%
Death of a Bachelor34 Weeks#10Panic! At The DiscoDon't Threaten Me with a Good Time
60%
Death of a Bachelor9 Weeks#27Panic! At The DiscoHouse of Memories
60%
Death of a Bachelor3 Weeks#34Panic! At The DiscoGolden Days
60%
Pray for the Wicked20 Weeks#14Panic! At The DiscoRoaring 20s
60%
Death of a Bachelor3 Weeks#29Panic! At The DiscoThe Good, The Bad and The Dirty
40%
Too Weird to Live, Too Rare to Die!3 Weeks#31Panic! At The DiscoGirls / Girls / Boys
40%
Death of a Bachelor2 Weeks#35Panic! At The DiscoImpossible Year
40%

Score Distribution

Percentile by Number Answered

Percent of People with Each Score

Your Score History

You have not taken this quiz